000 00419nam a22001577a 4500
001 2696
003 BD-DhBUF
005 20251016105340.0
008 251016b bg ||||| |||| 00| 0 ben d
040 _aBD-DhBUF
_cBD-DhBUF
100 _aYourcenar, Marguerite
_94083
245 _aMemoirs of hadrian /
_cMarguerite Yourcenar
260 _aEngland :
_bPenguin Books ,
_c1959.
300 _a252p. :
_c18cm . ;
942 _2ddc
_cBK
999 _c2696
_d2696